Catálogo público

La güera Rodríguez / (Record no. 208233)

MARC details
000 -CABECERA
campo de control de longitud fija 00738nam a2200277Ia 4500
001 - NÚMERO DE CONTROL
campo de control Para_9559
003 - IDENTIFICADOR DEL NÚMERO DE CONTROL
campo de control CHAP
008 - DATOS DE LONGITUD FIJA--INFORMACIÓN GENERAL
campo de control de longitud fija 220125s2006 xx 000 0 und d
010 ## - NÚMERO DE CONTROL DE LA BIBLIOTECA DEL CONGRESO
Número de control de LC 208233
040 ## - FUENTE DE LA CATALOGACIÓN
Centro/agencia transcriptor CHAP
082 ## - NÚMERO DE LA CLASIFICACIÓN DECIMAL DEWEY
Número de clasificación 860.3 V3
100 ## - ENTRADA PRINCIPAL--NOMBRE DE PERSONA
Nombre de persona Valle - Arizpe, Artermio de
9 (RLIN) 174567
245 ## - MENCIÓN DE TÍTULO
Título La güera Rodríguez /
Mención de responsabilidad, etc. por Artemio de Valle - Arizpe
260 ## - PUBLICACIÓN, DISTRIBUCIÓN, ETC.
Lugar de publicación, distribución, etc. México, D.F. :
Nombre del editor, distribuidor, etc. Alpe
300 ## - DESCRIPCIÓN FÍSICA
Extensión 194 p.
650 ## - PUNTO DE ACCESO ADICIONAL DE MATERIA--TÉRMINO DE MATERIA
Término de materia o nombre geográfico como elemento de entrada Literatura Latinoamericana
9 (RLIN) 67135
650 ## - PUNTO DE ACCESO ADICIONAL DE MATERIA--TÉRMINO DE MATERIA
Término de materia o nombre geográfico como elemento de entrada Literatura mexicana
9 (RLIN) 67138
650 ## - PUNTO DE ACCESO ADICIONAL DE MATERIA--TÉRMINO DE MATERIA
Término de materia o nombre geográfico como elemento de entrada Novela Mexicana
9 (RLIN) 82025
901 ## - ELEMENTOS DE DATOS A LOCAL LDA (RLIN)
a 860.3 V3
902 ## - ELEMENTOS DE DATOS B LOCAL, LDB (RLIN)
a M
905 ## - ELEMENTOS DE DATOS E LOCAL, LDE (RLIN)
a 0000002006 0000000000 00
910 ## - DATOS DE OPCIÓN DEL USUARIO (OCLC)
Datos de opción del usuario 2006
942 ## - ELEMENTOS DE PUNTO DE ACCESO ADICIONAL (KOHA)
Tipo de ítem Koha Parasitologia_
942 ## - ELEMENTOS DE PUNTO DE ACCESO ADICIONAL (KOHA)
Tipo de ítem Koha Parasitologia_
-- 1
Holdings
Estado de retiro Estado de pérdida Fuente del sistema de clasificación o colocación Estado dañado No para préstamo Código de colección Localización permanente Ubicación/localización actual Fecha de adquisición Número de inventario Total de préstamos Signatura topográfica completa Código de barras Fecha visto por última vez Número de copia Precio válido a partir de Tipo de ítem Koha Nota pública
    Dewey Decimal Classification     General Parasitologia Agricola Parasitologia Agricola 20/05/2009 (PA_09495) (No. UACh C/E)   860.3 V3 4102003979 25/01/2022 Ej.1 25/01/2022 Libro 3